000 00288nam a2200109Ia 4500
008 190216s9999||||xx |||||||||||||| ||und||
100 _aKatamidse
245 0 _aMalayalam-General-Kuttigalude Bavi Lokam Engine Yirikkum
260 _bSoviet Granda Shala
650 _aMalayalam
942 _cBK
999 _c26597
_d26597